00427nam a22001457a 4500999001900000003000500019038001300024082001900037100002600056245003300082260003700115300001800152942001200170952009900182 c527901d527901NUST aM.Ramzan a553.24544bREH aRehman, Shamim919397 aThar coal Salvation paradigm aKarachibAl Hassan Academyc2011 a120 p,:b25cm 2ddccBK 00102ddc4070aNITbNITd2019-08-21l0o553.24544 REHpNIT-10120r2019-08-21w2019-08-21yBK